Ο τέλειος γάμος : μελέτη για τη φυσιολογία του και την τεχνική του

Αποθηκεύτηκε σε:
Λεπτομέρειες βιβλιογραφικής εγγραφής
Κύριος συγγραφέας: Velde, Theodoor H. van de (Theodoor Hendrik), 1873-1937
Άλλοι συγγραφείς: Μεραναίος, Κωστής Λ., 1913-1986 (Μεταφραστής)
Μορφή: Βιβλίο
Γλώσσα:Greek
Dutch
Δημοσίευση: [Αθήνα] : Εκδόσεις Μάρη, [1953].
Θέματα:
Ετικέτες: Προσθήκη ετικέτας
Δεν υπάρχουν, Καταχωρήστε ετικέτα πρώτοι!

MARC

LEADER 00000cam a2200000 a 4500
001 1/115149
008 171004n1953####gr | ||| |||| ||gre||
040 |a GR-MyUa  |b gre  |c GR-MyUa  |e AACR2 
041 1 |a gre  |h dut 
082 7 |a 612.6  |2 (23) 
100 1 |a Velde, Theodoor H. van de   |q (Theodoor Hendrik),   |d 1873-1937. 
245 1 2 |a Ο τέλειος γάμος :   |b μελέτη για τη φυσιολογία του και την τεχνική του /   |c TH. H. Van De Velde ; μετάφραση Κ. Λ. Μεραναίου.  
260 |a [Αθήνα] :   |b Εκδόσεις Μάρη,   |c [1953].  
300 |a 230 σ. ;   |c 22 εκ.  
650 0 |a Marriage. 
650 0 |a Sex in marriage. 
650 0 |a Genitourinary organs. 
650 0 |a Sexual health. 
700 1 |a Μεραναίος, Κωστής Λ.,   |d 1913-1986,  |e trl 
852 |a INST  |b SAMOS  |e 20171004  |h 612.6 VEL  |p 005300044832  |q 005300044832  |t BK  |y 23 
970 |a Φιλιππή  |b Φάλη  |z 04-10-2017